000 00749cam a2200265 4500500
005 20260329004254.0
041 _afre
042 _adc
100 1 0 _aSorente, Isabelle
_eauthor
245 0 0 _aQu’est-ce qu’une société juste ?
260 _c2019.
500 _a12
690 _aÉquité
690 _aGaspard Koenig
690 _aHéritage
690 _aInégalités
690 _aJohn Rawls
690 _aJustice
690 _aJustice sociale
690 _aRevenu universel
690 _aSandra Laugier
690 _atest
786 0 _nPhilosophie magazine | 128 | 4 | 2019-04-01 | p. 20-20 | 1951-1787
856 4 1 _uhttps://shs.cairn.info/magazine-philosophie-magazine-2019-4-page-20?lang=fr&redirect-ssocas=7080
999 _c1832350
_d1832350